[Event "Paleochora op 15th"]
[Site "Paleochora"]
[Date "2022.07.17"]
[Round "1"]
[White "Yankelevich, Lev"]
[Black "Luchi, Max"]
[Result "1-0"]
[WhiteElo "2496"]
[BlackElo "2014"]
[PlyCount "51"]
[EventDate "2022.07.17"]
[EventType "swiss"]
[EventRounds "9"]
[EventCountry "GRE"]
[SourceTitle "CBM 209 Extra"]
[Source "ChessBase"]
[SourceDate "2022.09.30"]
[SourceVersion "1"]
[SourceVersionDate "2022.09.30"]
[SourceQuality "1"]

1. Nf3 Nf6 2. c4 e6 3. g3 d5 4. d4 Bb4+ 5. Bd2 Be7 6. Bg2 0-0 7. 0-0 Nbd7 8. Qc2 c6 9. Bf4 a5 10. Rd1 a4 11. Ne5 Qa5 12. Nc3 Qa6 13. cxd5 cxd5 14. Rac1 h6 15. a3 g5 16. Be3 Nxe5 17. dxe5 Nd7 18. Bd4 Nc5 19. Bxd5 Rd8 20. Ba2 Rxd4 21. Rxd4 b6 22. Bb1 Kf8 23. Qh7 Ke8 24. Bg6 fxg6 25. Qg8+ Bf8 26. Qxg6+ 1-0

[Event "Cattolica Primavera op"]
[Site "Cattolica"]
[Date "2022.03.19"]
[Round "7"]
[White "Luchi, Max"]
[Black "Kotyk, Michael"]
[Result "1/2-1/2"]
[WhiteElo "1977"]
[BlackElo "2201"]
[PlyCount "126"]
[EventDate "2022.03.16"]
[EventType "swiss"]
[EventRounds "9"]
[EventCountry "ITA"]
[SourceTitle "CBM 207 Extra"]
[Source "ChessBase"]
[SourceDate "2022.05.31"]
[SourceVersion "1"]
[SourceVersionDate "2022.05.31"]
[SourceQuality "1"]

1. e4 e5 2. Nf3 Nc6 3. Bc4 Bc5 4. b4 Bxb4 5. c3 Be7 6. d4 Na5 7. Nxe5 Nxc4 8. Nxc4 d5 9. exd5 Qxd5 10. Ne3 Qa5 11. 0-0 Nf6 12. c4 c6 13. Nd2 0-0 14. Nb3 Qc7 15. Qf3 Bd6 16. h3 Re8 17. Nf5 Bxf5 18. Qxf5 a5 19. Be3 Re6 20. Nd2 Rae8 21. Rab1 Ne4 22. Nxe4 Rxe4 23. Rb2 g6 24. Qf3 Bh2+ 25. Kh1 Bf4 26. Bxf4 Qxf4 27. Qxf4 Rxf4 28. Rd1 Rd8 29. Rbd2 c5 30. dxc5 Rxd2 31. Rxd2 Rxc4 32. Rd7 Rxc5 33. Rxb7 Rc2 34. Kg1 Rxa2 35. Ra7 h5 36. g3 a4 37. Kg2 a3 38. Kf3 Ra1 39. h4 Kg7 40. Kg2 Kf6 41. Kf3 Ke6 42. Ra5 Kd6 43. Ra7 Kc5 44. Rxf7 Kb4 45. Rb7+ Kc3 46. Rc7+ Kb2 47. Rb7+ Ka2 48. Rb6 Rb1 49. Rxg6 Rb4 50. Re6 Kb1 51. Re1+ Kc2 52. Re2+ Kd1 53. Ra2 Ra4 54. g4 hxg4+ 55. Kg3 Kc1 56. h5 Kb1 57. Rxa3 Rxa3+ 58. Kxg4 Kc2 59. h6 Kd3 60. h7 Ra8 61. Kf5 Rh8 62. Kg6 Ke4 63. Kg7 Rxh7+ 1/2-1/2

[Event "Arco op 43rd"]
[Site "Arco"]
[Date "2021.10.17"]
[Round "9"]
[White "Luchi, Max"]
[Black "Giacomini, Hector"]
[Result "0-1"]
[WhiteElo "1948"]
[BlackElo "2124"]
[PlyCount "38"]
[EventDate "2021.10.09"]
[EventType "swiss"]
[EventRounds "9"]
[EventCountry "ITA"]
[SourceTitle "EXT 2023"]
[Source "ChessBase"]
[SourceDate "2022.10.05"]
[SourceVersion "1"]
[SourceVersionDate "2022.10.05"]
[SourceQuality "1"]

1. e4 c6 2. d4 d5 3. e5 c5 4. dxc5 e6 5. a3 Nc6 6. Nf3 Bxc5 7. b4 Bb6 8. Bb2 Nge7 9. Bd3 Ng6 10. g3 0-0 11. h4 f6 12. Bxg6 hxg6 13. 0-0 fxe5 14. Nxe5 Qc7 15. Qe1 Rf5 16. g4 Nxe5 17. gxf5 Nf3+ 18. Kg2 Nxe1+ 19. Rxe1 Qxc2 0-1

[Event "Arco op 43rd"]
[Site "Arco"]
[Date "2021.10.14"]
[Round "6"]
[White "Luchi, Max"]
[Black "Higatsberger, Michael"]
[Result "0-1"]
[WhiteElo "1948"]
[BlackElo "2077"]
[PlyCount "114"]
[EventDate "2021.10.09"]
[EventType "swiss"]
[EventRounds "9"]
[EventCountry "ITA"]
[SourceTitle "CBM 204 Extra"]
[Source "ChessBase"]
[SourceDate "2021.11.30"]
[SourceVersion "1"]
[SourceVersionDate "2021.11.30"]
[SourceQuality "1"]

1. e4 c5 2. Nf3 d6 3. c3 Nf6 4. h3 g6 5. Bd3 Bg7 6. Bc2 e5 7. 0-0 0-0 8. d3 Nc6 9. Re1 b6 10. Nbd2 Bb7 11. a4 Qc7 12. Nc4 d5 13. exd5 Nxd5 14. Bg5 f6 15. Bd2 Rad8 16. Qc1 Rfe8 17. Bh6 Bxh6 18. Qxh6 Qg7 19. Qxg7+ Kxg7 20. d4 cxd4 21. cxd4 Ndb4 22. Be4 exd4 23. Rad1 f5 24. Bxc6 Rxe1+ 25. Rxe1 Bxc6 26. Re7+ Kf6 27. Rxa7 Bxf3 28. gxf3 d3 29. Rb7 Nd5 30. Kf1 Kg5 31. Ke1 Kf4 32. Kd2 Kxf3 33. Nxb6 Nf6 34. Nc4 Ne4+ 35. Kd1 d2 36. Nxd2+ Rxd2+ 37. Kc1 Rd4 38. b4 Nc3 39. Kc2 Nxa4 40. Kb3 Kxf2 41. Kxa4 Rh4 42. Rf7 Kg3 43. Kb3 Rxh3 44. b5 Kg4+ 45. Kc4 Rh1 46. b6 Rb1 47. b7 h5 48. Kd3 g5 49. Ke2 f4 50. Kf2 Rb2+ 51. Kf1 Kg3 52. Rf5 g4 53. Rxh5 Rb1+ 54. Ke2 f3+ 55. Ke3 Rxb7 56. Rf5 Re7+ 57. Kd2 Kg2 0-1

[Event "Arco op 43rd"]
[Site "Arco"]
[Date "2021.10.12"]
[Round "4"]
[White "Luchi, Max"]
[Black "Pedersen, Henrik Bolding"]
[Result "1-0"]
[WhiteElo "1948"]
[BlackElo "2111"]
[PlyCount "87"]
[EventDate "2021.10.09"]
[EventType "swiss"]
[EventRounds "9"]
[EventCountry "ITA"]
[SourceTitle "CBM 204 Extra"]
[Source "ChessBase"]
[SourceDate "2021.11.30"]
[SourceVersion "1"]
[SourceVersionDate "2021.11.30"]
[SourceQuality "1"]

1. e4 c5 2. Nf3 g6 3. c3 Bg7 4. d4 cxd4 5. cxd4 d5 6. e5 Bg4 7. Bb5+ Nc6 8. Bxc6+ bxc6 9. Nbd2 f6 10. 0-0 Nh6 11. h3 Bxf3 12. Nxf3 0-0 13. Re1 Nf7 14. Qc2 Qb6 15. Be3 Rab8 16. b3 Qb5 17. Rac1 Rbc8 18. Bf4 Qb4 19. Qc5 Qxc5 20. Rxc5 fxe5 21. Bxe5 Nxe5 22. dxe5 Rf4 23. Rec1 h6 24. Rxd5 cxd5 25. Rxc8+ Kf7 26. Ra8 Re4 27. Kf1 Bxe5 28. Nxe5+ Rxe5 29. Rxa7 Ke6 30. Rc7 d4 31. Rc2 Kf6 32. Rc4 Rd5 33. Ke2 d3+ 34. Kd2 e5 35. Re4 Kf5 36. Re3 e4 37. f3 exf3 38. Rxf3+ Ke4 39. Re3+ Kf4 40. Rxd3 Rg5 41. Rd4+ Kg3 42. Rg4+ Rxg4 43. hxg4 Kxg2 44. a4 1-0

[Event "Verona Primavera op-A 1st"]
[Site "Verona"]
[Date "2021.05.08"]
[Round "3"]
[White "Brotto, Alessandro"]
[Black "Luchi, Max"]
[Result "1-0"]
[WhiteElo "2028"]
[BlackElo "1906"]
[PlyCount "91"]
[EventDate "2021.05.07"]
[EventType "swiss"]
[EventRounds "5"]
[EventCountry "ITA"]
[SourceTitle "EXT 2022"]
[Source "ChessBase"]
[SourceDate "2021.10.06"]
[SourceVersion "1"]
[SourceVersionDate "2021.10.06"]
[SourceQuality "1"]

1. e4 g6 2. d4 Bg7 3. Nc3 d6 4. Be3 a6 5. Qd2 b5 6. h4 h5 7. Nh3 Nd7 8. Ng5 c6 9. 0-0-0 Nb6 10. Bd3 Bb7 11. e5 dxe5 12. dxe5 Bxe5 13. Rhe1 Nd5 14. Nxd5 Qxd5 15. Qa5 Qxg2 16. Rg1 Qh2 17. Nf3 Bc7 18. Qc3 Be5 19. Nxe5 Nf6 20. Nf3 Qh3 21. Rg3 Qe6 22. Qa5 Rc8 23. Ng5 Qe5 24. f4 Qc7 25. Qxc7 Rxc7 26. f5 gxf5 27. Bxf5 e6 28. Bd4 Rh6 29. Ne4 Nd7 30. Rg8+ Ke7 31. Ng3 f6 32. Be3 Kf7 33. Bxe6+ Kxe6 34. Bxh6 Ne5 35. Bf4 c5 36. Bxe5 Kxe5 37. Nxh5 Bf3 38. Re8+ Kf5 39. Rf1 Kg4 40. Nxf6+ Kg3 41. Re3 c4 42. h5 b4 43. Rexf3+ Kg2 44. Ne4 b3 45. R1f2+ Kg1 46. Re3 1-0